00310nam a2200121Ia 4500008004100000100003700041245003000078260003500108300000900143650001200152942000700164999001700171190216s9999||||xx |||||||||||||| ||und|| aProakis John G And Manola Kiso G 0aDigital Signal Processing bPrentice Hall Of India Pvt Ltd a1084 aPhysics cBK c34051d34051